书目信息 |
| 题名: |
政府科技投入绩效评价与区域创新差异研究
|
|
| 作者: | 师萍 , 安立仁 著 | |
| 分册: | ||
| 出版信息: | 北京 中国经济出版社 2013 |
|
| 页数: | 251页 | |
| 开本: | 24cm | |
| 丛书名: | ||
| 单 册: | ||
| 中图分类: | G322 , F204 | |
| 科图分类: | ||
| 主题词: | 科学技术--政府投资--评价--研究--中国 , 国家创新系统--研究--中国 , 科学技术 , 政府投资 , 国家创新系统 | |
| 电子资源: | ||
| ISBN: | 978-7-5136-2160-1 | |
| 000 | 01640nam0 2200325 450 | |
| 001 | 523 | |
| 005 | 20140909172524.21 | |
| 010 | @a978-7-5136-2160-1@dCNY38.00 | |
| 100 | @a20130702d2013 em y0chiy50 ea | |
| 101 | 0 | @achi |
| 102 | @aCN@b110000 | |
| 105 | @ay z 001yy | |
| 106 | @ar | |
| 200 | 1 | @a政府科技投入绩效评价与区域创新差异研究@AZheng Fu Ke Ji Tou Ru Ji Xiao Ping Jia Yu Qu Yu Chuang Xin Cha Yi Yan Jiu@dResearch on technological investment performance evaluation by government and regional difference of innovation@f师萍,安立仁著@FShi Ping, An Li Ren Zhu@zeng |
| 210 | @a北京@c中国经济出版社@d2013 | |
| 215 | @a251页@d24cm | |
| 300 | @a国家自然科学基金 西北大学学术著作出版基金资助出版 | |
| 330 | @a本书依据我国建设创新型国家的既定国策,分析政府财政科技投入对经济增长的影响方式、渠道和影响机制;运用经济计量方法实证检验了我国财政科技投入与经济增长之间的关系;从投入产出角度对政府财政科技投入的效率进行测度和评价;运用随机前沿分析法测算了我国区域研发的技术效率和空间差异;测算了我国财政科技投入的最优规模和投向结构,提出了实现财政科技投入目标强度、提升投入绩效、促进区域创新环境形成的宏观对策和建议。 | |
| 510 | 1 | @aResearch on technological investment performance evaluation by government and regional difference of innovation@zeng |
| 606 | 0 | @a科学技术@x政府投资@x评价@x研究@y中国 |
| 606 | 0 | @a国家创新系统@x研究@y中国 |
| 606 | 0 | @a科学技术 |
| 606 | 0 | @a政府投资 |
| 606 | 0 | @a国家创新系统 |
| 690 | @aG322@v5 | |
| 690 | @aF204@v5 | |
| 701 | 0 | @a师萍@AShi Ping@c(女,@f1949~)@4著 |
| 701 | 0 | @a安立仁@AAn Li Ren@f(1959.6~)@4著 |
| 801 | 0 | @aCN@bTANGWEI@c20140603 |
| 905 | @b0840599-601@dG322@e37@f3 | |
| 政府科技投入绩效评价与区域创新差异研究=Research on technological investment performance evaluation by government and regional difference of innovation/师萍,安立仁著.-北京:中国经济出版社,2013 |
| 251页;24cm |
| 国家自然科学基金 西北大学学术著作出版基金资助出版 |
| ISBN 978-7-5136-2160-1:CNY38.00 |
| 本书依据我国建设创新型国家的既定国策,分析政府财政科技投入对经济增长的影响方式、渠道和影响机制;运用经济计量方法实证检验了我国财政科技投入与经济增长之间的关系;从投入产出角度对政府财政科技投入的效率进行测度和评价;运用随机前沿分析法测算了我国区域研发的技术效率和空间差异;测算了我国财政科技投入的最优规模和投向结构,提出了实现财政科技投入目标强度、提升投入绩效、促进区域创新环境形成的宏观对策和建议。 |
| ● |
| 相关链接 |
|
|
|
|
正题名:政府科技投入绩效评价与区域创新差异研究
索取号:G322/37
 
预约/预借
| 序号 | 登录号 | 条形码 | 馆藏地/架位号 | 状态 | 备注 |
| 1 | 0840599 | 208405992 | 第一样本阅览室/ [索取号:G322/37] | 在馆 | |
| 2 | 0840600 | 208406009 | 第四借阅区/ [索取号:G322/37] | 在馆 | |
| 3 | 0840601 | 208406018 | 第四借阅区/ [索取号:G322/37] | 在馆 |